000 00550nam a2200193Ia 4500
999 _c21243
_d21243
003 OSt
005 20200212145534.0
008 190216s9999||||xx |||||||||||||| ||und||
020 _a9788182713086
040 _coclc
082 _a934
_bMUH/B
100 _aMuhammed, T
_91908
245 0 _aBharatheeya Samskarathinte Adiyozhukkukal /
_cT Muhammed
250 _a7th ed.
260 _bIslamic Publishing House,
_aKozhikode:
_c2007.
300 _a359p
650 _xAncient History
942 _cBK
_2ddc
_h934
_iMUH/B
_k934
_mMUH/B